00273nam a2200097Ia 4500008004100000082001500041100002500056245004700081260003200128300001500160230907s9999||||xx |||||||||||||| ||und|| a660.63,NAJ aNajafpour, Ghasem D. 0aBiochemical engineering and biotechnology/ aElsevierbNetherlandsc2015 axvi,652p.: